Linux (Record no. 13513)

MARC details
000 -LEADER
fixed length control field 00361nam a22001697a 4500
003 - CONTROL NUMBER IDENTIFIER
control field OSt
008 - FIXED-LENGTH DATA ELEMENTS--GENERAL INFORMATION
fixed length control field 250505b |||||||| |||| 00| 0 eng d
020 ## - INTERNATIONAL STANDARD BOOK NUMBER
International Standard Book Number 9789355428110
082 ## - DEWEY DECIMAL CLASSIFICATION NUMBER
Classification number 005.44 KOL
100 ## - MAIN ENTRY--PERSONAL NAME
Personal name KOFLER,Michael
245 ## - TITLE STATEMENT
Title Linux
250 ## - EDITION STATEMENT
Edition statement 1st Ed
260 ## - PUBLICATION, DISTRIBUTION, ETC. (IMPRINT)
Place of publication, distribution, etc New Delhi
Name of publisher, distributor, etc SPD
Date of publication, distribution, etc 2024
300 ## - PHYSICAL DESCRIPTION
Extent 1178
650 ## - SUBJECT ADDED ENTRY--TOPICAL TERM
Topical term or geographic name as entry element Linux
942 ## - ADDED ENTRY ELEMENTS (KOHA)
Source of classification or shelving scheme Dewey Decimal Classification
Koha item type Text Books
Holdings
Withdrawn status Lost status Source of classification or shelving scheme Damaged status Not for loan Collection code Home library Current library Date acquired Source of acquisition Currency Cost, normal purchase price Bill Number Total Checkouts Full call number Acc. no. / Barcode Date last seen Actual Cost, discounted price Bill Date Koha item type
    Dewey Decimal Classification     B.Tech(IT) PIET C-LIBRARY PIET C-LIBRARY 02/05/2025 Zaffa Books INR 3250.00 ZBD0094   005.44 KOL 39574 05/05/2025 2437.50 02/05/2025 Reference Books
    Dewey Decimal Classification     B.Tech(IT) PIET C-LIBRARY PIET C-LIBRARY 02/05/2025 Zaffa Books INR 3250.00 ZBD0094   005.44 KOL 39575 05/05/2025 2437.50 02/05/2025 Text Books
    Dewey Decimal Classification     B.Tech(IT) PIET C-LIBRARY PIET C-LIBRARY 02/05/2025 Zaffa Books INR 3250.00 ZBD0094   005.44 KOL 39576 05/05/2025 2437.50 02/05/2025 Text Books
    Dewey Decimal Classification     B.Tech(IT) PIET C-LIBRARY PIET C-LIBRARY 02/05/2025 Zaffa Books INR 3250.00 ZBD0094   005.44 KOL 39577 05/05/2025 2437.50 02/05/2025 Text Books
    Dewey Decimal Classification     B.Tech(IT) PIET C-LIBRARY PIET C-LIBRARY 02/05/2025 Zaffa Books INR 3250.00 ZBD0094   005.44 KOL 39578 05/05/2025 2437.50 02/05/2025 Text Books

Design & Developed by: PIET Central Library
R70 Miles Stone Pattikalyana Samalkha Panipat 132102
mail ID :- [email protected], Phone No:- 0180-2569700 Ex.216